| 000 | 00450nam a2200193Ia 4500 | ||
|---|---|---|---|
| 008 | 210210b1921 xxu||||| |||| 00| 0 eng d | ||
| 041 | _aeng | ||
| 082 | _a822/467 | ||
| 100 | _aGOLDSMITH (Oliver) | ||
| 245 | _aGood natured man: Whiskard Ed | ||
| 260 |
_aOxford _bAt the Clarendon Press _c1921 |
||
| 650 | _aWhiskard | ||
| 650 | _anatured | ||
| 650 | _aman: | ||
| 650 | _aGood | ||
| 650 | _aEd | ||
| 690 | _aEnglish Prose | ||
| 906 | _a012653 | ||
| 999 |
_c131463 _d131463 |
||